[Event "April 9 Early 2024"]
[Site "Chess.com"]
[Date "2024.04.09"]
[Round "6"]
[White "Carbone, Diego"]
[Black "Gabrielian, Artur"]
[Result "1/2-1/2"]
[Board "78"]
[WhiteFideId "3002179"]
[BlackFideId "4131002"]
[WhiteTitle "FM"]
[BlackTitle "GM"]
[WhiteElo "2581"]
[BlackElo "2781"]
[WhiteTeam "URU"]
[BlackTeam "RUS"]
[WhiteClock "0:00:07"]
[BlackClock "0:00:20"]
[Variant "Standard"]

1. d4 {[%clk 0:03:00]}  Nf6 {[%clk 0:02:56]} 2. c4 {[%clk 0:03:00]}  c5 {[%clk 0:02:55]} 3. d5 {[%clk 0:03:00]}  e6 {[%clk 0:02:52]} 4. Nc3 {[%clk 0:02:59]}  exd5 {[%clk 0:02:52]} 5. cxd5 {[%clk 0:03:00]}  d6 {[%clk 0:02:53]} 6. Nf3 {[%clk 0:03:01]}  g6 {[%clk 0:02:53]} 7. h3 {[%clk 0:03:01]}  Bg7 {[%clk 0:02:53]} 8. e4 {[%clk 0:03:02]}  O-O {[%clk 0:02:53]} 9. Be3 {[%clk 0:03:02]}  b5 {[%clk 0:02:45]} 10. e5 {[%clk 0:03:01]}  dxe5 {[%clk 0:02:45]} 11. Bxb5 {[%clk 0:03:01]}  Nbd7 {[%clk 0:02:29]} 12. O-O {[%clk 0:02:59]}  Rb8 {[%clk 0:02:29]} 13. Qe2 {[%clk 0:01:41]}  Qa5 {[%clk 0:02:16]} 14. a4 {[%clk 0:01:34]}  a6 {[%clk 0:02:12]} 15. Bc6 {[%clk 0:01:34]}  e4 {[%clk 0:02:10]} 16. Nd2 {[%clk 0:01:30]}  Rxb2 {[%clk 0:02:09]} 17. Nc4 {[%clk 0:01:08]}  Rxe2 {[%clk 0:01:58]} 18. Nxa5 {[%clk 0:01:08]}  Rxe3 {[%clk 0:01:57]} 19. fxe3 {[%clk 0:01:07]}  Ne5 {[%clk 0:01:56]} 20. Rab1 {[%clk 0:01:02]}  Bf5 {[%clk 0:01:47]} 21. Nb7 {[%clk 0:00:30]}  Nd3 {[%clk 0:01:34]} 22. Nd6 {[%clk 0:00:26]}  Bh6 {[%clk 0:01:09]} 23. Nxf5 {[%clk 0:00:22]}  gxf5 {[%clk 0:01:09]} 24. Rxf5 {[%clk 0:00:22]}  Bxe3+ {[%clk 0:01:09]} 25. Kh1 {[%clk 0:00:21]}  Bd4 {[%clk 0:01:08]} 26. Ne2 {[%clk 0:00:18]}  Be5 {[%clk 0:01:09]} 27. Rbf1 {[%clk 0:00:15]}  Kg7 {[%clk 0:01:08]} 28. d6 {[%clk 0:00:14]}  Rd8 {[%clk 0:01:07]} 29. d7 {[%clk 0:00:13]}  e3 {[%clk 0:01:04]} 30. R1f3 {[%clk 0:00:09]}  c4 {[%clk 0:01:02]} 31. Rxe3 {[%clk 0:00:07]}  Nxd7 {[%clk 0:00:17]} 32. Bxd7 {[%clk 0:00:04]}  Rxd7 {[%clk 0:00:18]} 33. Rfxe5 {[%clk 0:00:04]}  Nxe5 {[%clk 0:00:18]} 34. Rxe5 {[%clk 0:00:04]}  Rd2 {[%clk 0:00:17]} 35. Ng1 {[%clk 0:00:02]}  c3 {[%clk 0:00:17]} 36. Rc5 {[%clk 0:00:03]}  c2 {[%clk 0:00:18]} 37. Kh2 {[%clk 0:00:03]}  a5 {[%clk 0:00:17]} 38. Nf3 {[%clk 0:00:03]}  Rf2 {[%clk 0:00:17]} 39. Kg3 {[%clk 0:00:03]}  Re2 {[%clk 0:00:17]} 40. h4 {[%clk 0:00:02]}  f5 {[%clk 0:00:17]} 41. Nd4 {[%clk 0:00:02]}  Re3+ {[%clk 0:00:17]} 42. Kf2 {[%clk 0:00:02]}  Re4 {[%clk 0:00:17]} 43. Nxf5+ {[%clk 0:00:02]}  Kf7 {[%clk 0:00:18]} 44. Ne3 {[%clk 0:00:02]}  Rxh4 {[%clk 0:00:17]} 45. Rxc2 {[%clk 0:00:02]}  Rxa4 {[%clk 0:00:18]} 46. Rc7+ {[%clk 0:00:02]}  Kg6 {[%clk 0:00:18]} 47. Rc6+ {[%clk 0:00:02]}  Kg5 {[%clk 0:00:18]} 48. Ra6 {[%clk 0:00:03]}  Ra1 {[%clk 0:00:17]} 49. Kf3 {[%clk 0:00:03]}  h5 {[%clk 0:00:18]} 50. Nc4 {[%clk 0:00:03]}  a4 {[%clk 0:00:18]} 51. Nb6 {[%clk 0:00:04]}  a3 {[%clk 0:00:18]} 52. Nc4 {[%clk 0:00:04]}  a2 {[%clk 0:00:19]} 53. Kf2 {[%clk 0:00:04]}  h4 {[%clk 0:00:19]} 54. Ra5+ {[%clk 0:00:04]}  Kf4 {[%clk 0:00:18]} 55. Nd2 {[%clk 0:00:04]}  h3 {[%clk 0:00:18]} 56. Ra4+ {[%clk 0:00:04]}  Kf5 {[%clk 0:00:18]} 57. gxh3 {[%clk 0:00:04]}  Rh1 {[%clk 0:00:18]} 58. Rxa2 {[%clk 0:00:04]}  Rxh3 {[%clk 0:00:19]} 59. Nf3 {[%clk 0:00:04]}  Rh8 {[%clk 0:00:18]} 60. Ke3 {[%clk 0:00:04]}  Re8+ {[%clk 0:00:18]} 61. Kf2 {[%clk 0:00:04]}  Kf4 {[%clk 0:00:19]} 62. Ra4+ {[%clk 0:00:05]}  Kf5 {[%clk 0:00:19]} 63. Ra5+ {[%clk 0:00:06]}  Kf4 {[%clk 0:00:19]} 64. Ra4+ {[%clk 0:00:06]}  Kf5 {[%clk 0:00:20]} 65. Kg3 {[%clk 0:00:06]}  Rg8+ {[%clk 0:00:20]} 66. Kf2 {[%clk 0:00:07]}  Re8 {[%clk 0:00:20]} 1/2-1/2

[Event "April 9 Early 2024"]
[Site "Chess.com"]
[Date "2024.04.09"]
[Round "6"]
[White "Goltsev, Dmitry"]
[Black "Iljin, Timofey"]
[Result "0-1"]
[Board "79"]
[WhiteFideId "24176710"]
[BlackFideId "14110180"]
[WhiteTitle "FM"]
[BlackTitle "IM"]
[WhiteElo "2775"]
[BlackElo "2576"]
[WhiteTeam "RUS"]
[BlackTeam "UKR"]
[WhiteClock "0:00:21"]
[BlackClock "0:00:14"]
[Variant "Standard"]

1. d4 {[%clk 0:02:37]}  Nf6 {[%clk 0:02:59]} 2. Nc3 {[%clk 0:02:36]}  g6 {[%clk 0:02:59]} 3. Bf4 {[%clk 0:02:37]}  Bg7 {[%clk 0:02:59]} 4. Nf3 {[%clk 0:02:37]}  O-O {[%clk 0:02:59]} 5. e4 {[%clk 0:02:37]}  d6 {[%clk 0:02:59]} 6. h4 {[%clk 0:02:38]}  Nc6 {[%clk 0:02:56]} 7. Be2 {[%clk 0:02:38]}  e5 {[%clk 0:02:51]} 8. dxe5 {[%clk 0:02:37]}  Nh5 {[%clk 0:02:52]} 9. Bg5 {[%clk 0:02:37]}  Qe8 {[%clk 0:02:42]} 10. exd6 {[%clk 0:02:37]}  cxd6 {[%clk 0:02:42]} 11. Qxd6 {[%clk 0:02:37]}  Bg4 {[%clk 0:02:34]} 12. O-O {[%clk 0:02:32]}  h6 {[%clk 0:02:31]} 13. Be3 {[%clk 0:02:32]}  Rd8 {[%clk 0:02:30]} 14. Qa3 {[%clk 0:02:30]}  Bxf3 {[%clk 0:02:11]} 15. Bxf3 {[%clk 0:02:29]}  Nd4 {[%clk 0:02:12]} 16. Bxh5 {[%clk 0:02:28]}  Nxc2 {[%clk 0:02:12]} 17. Qxa7 {[%clk 0:02:18]}  Nxa1 {[%clk 0:01:45]} 18. Rxa1 {[%clk 0:02:17]}  gxh5 {[%clk 0:01:44]} 19. Bc5 {[%clk 0:02:17]}  Ra8 {[%clk 0:01:39]} 20. Qb6 {[%clk 0:02:17]}  Qd8 {[%clk 0:01:38]} 21. Qxb7 {[%clk 0:02:13]}  Qc8 {[%clk 0:01:16]} 22. Qd5 {[%clk 0:02:04]}  Ra5 {[%clk 0:01:01]} 23. b4 {[%clk 0:01:51]}  Bxc3 {[%clk 0:00:52]} 24. bxa5 {[%clk 0:01:49]}  Rd8 {[%clk 0:00:47]} 25. Qxh5 {[%clk 0:01:12]}  Bxa1 {[%clk 0:00:44]} 26. g3 {[%clk 0:01:12]}  Bg7 {[%clk 0:00:28]} 27. a3 {[%clk 0:01:04]}  Qb7 {[%clk 0:00:21]} 28. Qg4 {[%clk 0:01:02]}  Qb1+ {[%clk 0:00:08]} 29. Kg2 {[%clk 0:01:01]}  Re8 {[%clk 0:00:08]} 30. f3 {[%clk 0:00:56]}  Qc2+ {[%clk 0:00:08]} 31. Bf2 {[%clk 0:00:57]}  Rd8 {[%clk 0:00:08]} 32. a6 {[%clk 0:00:24]}  Rd2 {[%clk 0:00:08]} 33. Qf5 {[%clk 0:00:23]}  Rxf2+ {[%clk 0:00:08]} 34. Kh3 {[%clk 0:00:23]}  Rh2+ {[%clk 0:00:07]} 35. Kg4 {[%clk 0:00:24]}  Qc7 {[%clk 0:00:06]} 36. Qb5 {[%clk 0:00:15]}  Rc2 {[%clk 0:00:04]} 37. f4 {[%clk 0:00:12]}  Qc8+ {[%clk 0:00:04]} 38. f5 {[%clk 0:00:12]}  Rc4 {[%clk 0:00:05]} 39. Kf3 {[%clk 0:00:10]}  Qc6 {[%clk 0:00:04]} 40. Qb8+ {[%clk 0:00:09]}  Kh7 {[%clk 0:00:05]} 41. Qf4 {[%clk 0:00:10]}  Qxa6 {[%clk 0:00:03]} 42. Kg4 {[%clk 0:00:10]}  Qa8 {[%clk 0:00:02]} 43. Kf3 {[%clk 0:00:10]}  Qxa3+ {[%clk 0:00:03]} 44. Kg4 {[%clk 0:00:11]}  Qa8 {[%clk 0:00:03]} 45. Kf3 {[%clk 0:00:11]}  Rc3+ {[%clk 0:00:04]} 46. Kg4 {[%clk 0:00:12]}  Qc6 {[%clk 0:00:03]} 47. h5 {[%clk 0:00:11]}  Qd7 {[%clk 0:00:03]} 48. e5 {[%clk 0:00:09]}  Qd1+ {[%clk 0:00:03]} 49. Kh4 {[%clk 0:00:10]}  Qh1+ {[%clk 0:00:04]} 50. Kg4 {[%clk 0:00:10]}  Qd1+ {[%clk 0:00:04]} 51. Kh4 {[%clk 0:00:10]}  Rd3 {[%clk 0:00:05]} 52. Qf2 {[%clk 0:00:07]}  Rd4+ {[%clk 0:00:05]} 53. Kh3 {[%clk 0:00:08]}  Qh1+ {[%clk 0:00:05]} 54. Qh2 {[%clk 0:00:08]}  Qxh2+ {[%clk 0:00:05]} 55. Kxh2 {[%clk 0:00:09]}  Bxe5 {[%clk 0:00:06]} 56. Kh3 {[%clk 0:00:10]}  Rd3 {[%clk 0:00:07]} 57. f6 {[%clk 0:00:11]}  Rxg3+ {[%clk 0:00:07]} 58. Kh4 {[%clk 0:00:11]}  Rg8 {[%clk 0:00:07]} 59. Kh3 {[%clk 0:00:12]}  Bxf6 {[%clk 0:00:07]} 60. Kh2 {[%clk 0:00:12]}  Rg5 {[%clk 0:00:08]} 61. Kh3 {[%clk 0:00:13]}  Rxh5+ {[%clk 0:00:08]} 62. Kg4 {[%clk 0:00:14]}  Ra5 {[%clk 0:00:09]} 63. Kf4 {[%clk 0:00:14]}  Kg6 {[%clk 0:00:10]} 64. Ke4 {[%clk 0:00:14]}  h5 {[%clk 0:00:10]} 65. Kd3 {[%clk 0:00:15]}  h4 {[%clk 0:00:11]} 66. Kc4 {[%clk 0:00:16]}  Rg5 {[%clk 0:00:11]} 67. Kb4 {[%clk 0:00:17]}  h3 {[%clk 0:00:12]} 68. Kc4 {[%clk 0:00:18]}  h2 {[%clk 0:00:13]} 69. Kb3 {[%clk 0:00:19]}  h1=Q {[%clk 0:00:13]} 70. Kc2 {[%clk 0:00:20]}  Qc6+ {[%clk 0:00:13]} 71. Kb3 {[%clk 0:00:20]}  Rb5+ {[%clk 0:00:14]} 72. Ka2 {[%clk 0:00:21]}  Qa6# {[%clk 0:00:14]} 0-1

[Event "April 9 Early 2024"]
[Site "Chess.com"]
[Date "2024.04.09"]
[Round "6"]
[White "Ilinca, Felix-Antonio"]
[Black "Tomb, Maroun"]
[Result "1-0"]
[Board "81"]
[WhiteFideId "54764998"]
[BlackFideId "5300398"]
[WhiteTitle "FM"]
[BlackTitle "CM"]
[WhiteElo "2739"]
[BlackElo "2572"]
[WhiteTeam "ROU"]
[BlackTeam "LBN"]
[WhiteClock "0:01:28"]
[BlackClock "0:00:28"]
[Variant "Standard"]

1. d4 {[%clk 0:03:00]}  d6 {[%clk 0:02:52]} 2. Nc3 {[%clk 0:02:58]}  Nf6 {[%clk 0:02:53]} 3. e4 {[%clk 0:02:58]}  e5 {[%clk 0:02:50]} 4. dxe5 {[%clk 0:02:58]}  dxe5 {[%clk 0:02:46]} 5. Qxd8+ {[%clk 0:02:59]}  Kxd8 {[%clk 0:02:47]} 6. Bc4 {[%clk 0:03:00]}  Ke8 {[%clk 0:02:46]} 7. f4 {[%clk 0:02:58]}  Bb4 {[%clk 0:02:42]} 8. fxe5 {[%clk 0:02:35]}  Nxe4 {[%clk 0:02:37]} 9. a3 {[%clk 0:02:35]}  Bxc3+ {[%clk 0:02:06]} 10. bxc3 {[%clk 0:02:34]}  Be6 {[%clk 0:02:00]} 11. Bd3 {[%clk 0:02:31]}  Nxc3 {[%clk 0:01:59]} 12. Nf3 {[%clk 0:02:30]}  Nc6 {[%clk 0:01:58]} 13. Bd2 {[%clk 0:02:30]}  Nd5 {[%clk 0:01:52]} 14. O-O {[%clk 0:02:23]}  h6 {[%clk 0:01:50]} 15. Bb5 {[%clk 0:02:14]}  Ke7 {[%clk 0:01:34]} 16. Rab1 {[%clk 0:02:06]}  Rhd8 {[%clk 0:01:33]} 17. Be1 {[%clk 0:02:04]}  g5 {[%clk 0:01:14]} 18. Bf2 {[%clk 0:02:00]}  a6 {[%clk 0:01:07]} 19. Bc5+ {[%clk 0:01:57]}  Ke8 {[%clk 0:01:08]} 20. Bxc6+ {[%clk 0:01:51]}  bxc6 {[%clk 0:01:08]} 21. Nd4 {[%clk 0:01:51]}  Nc3 {[%clk 0:01:04]} 22. Rbe1 {[%clk 0:01:29]}  Rd5 {[%clk 0:00:58]} 23. Nxe6 {[%clk 0:01:29]}  fxe6 {[%clk 0:00:28]} 24. Bb4 {[%clk 0:01:28]} 1-0

[Event "April 9 Early 2024"]
[Site "Chess.com"]
[Date "2024.04.09"]
[Round "6"]
[White "Koellner, Ruben Gideon"]
[Black "Glidzhain, Gor"]
[Result "1-0"]
[Board "82"]
[WhiteFideId "12993093"]
[BlackFideId "24109932"]
[WhiteTitle "IM"]
[BlackTitle "FM"]
[WhiteElo "2735"]
[BlackElo "2572"]
[WhiteTeam "GER"]
[BlackTeam "RUS"]
[WhiteClock "0:00:13"]
[BlackClock "0:00:00"]
[Variant "Standard"]

1. d4 {[%clk 0:03:00]}  c5 {[%clk 0:02:55]} 2. e3 {[%clk 0:03:00]}  Nf6 {[%clk 0:02:55]} 3. Nf3 {[%clk 0:02:59]}  e6 {[%clk 0:02:55]} 4. Nbd2 {[%clk 0:02:59]}  b6 {[%clk 0:02:55]} 5. b3 {[%clk 0:02:59]}  Bb7 {[%clk 0:02:55]} 6. Bb2 {[%clk 0:02:59]}  Be7 {[%clk 0:02:55]} 7. Bd3 {[%clk 0:03:00]}  O-O {[%clk 0:02:56]} 8. O-O {[%clk 0:03:00]}  d5 {[%clk 0:02:57]} 9. Ne5 {[%clk 0:03:00]}  Nc6 {[%clk 0:02:57]} 10. f4 {[%clk 0:03:01]}  Ne4 {[%clk 0:02:34]} 11. Nxe4 {[%clk 0:02:51]}  Nxe5 {[%clk 0:02:30]} 12. Nf6+ {[%clk 0:02:50]}  Bxf6 {[%clk 0:02:28]} 13. fxe5 {[%clk 0:02:46]}  Bg5 {[%clk 0:02:28]} 14. Rf3 {[%clk 0:02:39]}  Rc8 {[%clk 0:02:19]} 15. c3 {[%clk 0:02:24]}  f5 {[%clk 0:01:59]} 16. exf6 {[%clk 0:02:14]}  Rxf6 {[%clk 0:01:57]} 17. Rh3 {[%clk 0:02:14]}  Rh6 {[%clk 0:01:38]} 18. Qg4 {[%clk 0:02:13]}  Qe7 {[%clk 0:01:04]} 19. Rf1 {[%clk 0:02:05]}  Rxh3 {[%clk 0:01:01]} 20. Qxh3 {[%clk 0:02:04]}  Bh6 {[%clk 0:00:58]} 21. Rf3 {[%clk 0:01:44]}  c4 {[%clk 0:00:56]} 22. Bc2 {[%clk 0:01:38]}  cxb3 {[%clk 0:00:56]} 23. axb3 {[%clk 0:01:38]}  Ba6 {[%clk 0:00:43]} 24. e4 {[%clk 0:01:27]}  Kh8 {[%clk 0:00:26]} 25. e5 {[%clk 0:01:14]}  Rf8 {[%clk 0:00:26]} 26. Qg3 {[%clk 0:00:31]}  Be3+ {[%clk 0:00:22]} 27. Kh1 {[%clk 0:00:31]}  Be2 {[%clk 0:00:22]} 28. Rxf8+ {[%clk 0:00:27]}  Qxf8 {[%clk 0:00:23]} 29. Qxe3 {[%clk 0:00:27]}  Qf1+ {[%clk 0:00:19]} 30. Qg1 {[%clk 0:00:27]}  Qf4 {[%clk 0:00:19]} 31. Bc1 {[%clk 0:00:25]}  Qg4 {[%clk 0:00:18]} 32. Qf2 {[%clk 0:00:22]}  Kg8 {[%clk 0:00:18]} 33. h3 {[%clk 0:00:20]}  Qh5 {[%clk 0:00:17]} 34. Qg3 {[%clk 0:00:15]}  Ba6 {[%clk 0:00:14]} 35. Qg4 {[%clk 0:00:13]}  Qe8 {[%clk 0:00:14]} 36. Qh4 {[%clk 0:00:12]}  h6 {[%clk 0:00:12]} 37. Qf2 {[%clk 0:00:12]}  Qh5 {[%clk 0:00:10]} 38. Qf3 {[%clk 0:00:11]}  Qe8 {[%clk 0:00:10]} 39. Qg3 {[%clk 0:00:10]}  Qh5 {[%clk 0:00:08]} 40. Qg4 {[%clk 0:00:09]}  Qf7 {[%clk 0:00:08]} 41. Kh2 {[%clk 0:00:08]}  Kf8 {[%clk 0:00:08]} 42. Qf3 {[%clk 0:00:07]}  Ke7 {[%clk 0:00:08]} 43. Qxf7+ {[%clk 0:00:07]}  Kxf7 {[%clk 0:00:09]} 44. Kg3 {[%clk 0:00:08]}  g5 {[%clk 0:00:09]} 45. Kf2 {[%clk 0:00:08]}  Kg7 {[%clk 0:00:09]} 46. g3 {[%clk 0:00:09]}  Bc8 {[%clk 0:00:08]} 47. h4 {[%clk 0:00:09]}  Bd7 {[%clk 0:00:08]} 48. hxg5 {[%clk 0:00:09]}  hxg5 {[%clk 0:00:09]} 49. Bxg5 {[%clk 0:00:10]}  Kf7 {[%clk 0:00:09]} 50. Bf6 {[%clk 0:00:10]}  a5 {[%clk 0:00:08]} 51. g4 {[%clk 0:00:10]}  b5 {[%clk 0:00:09]} 52. g5 {[%clk 0:00:11]}  a4 {[%clk 0:00:09]} 53. bxa4 {[%clk 0:00:12]}  bxa4 {[%clk 0:00:08]} 54. Bh7 {[%clk 0:00:12]}  Ke8 {[%clk 0:00:00]} 55. g6 {[%clk 0:00:13]} 1-0

[Event "April 9 Early 2024"]
[Site "Chess.com"]
[Date "2024.04.09"]
[Round "6"]
[White "Fiorito, Joaquin"]
[Black "Yagupov, Igor"]
[Result "0-1"]
[Board "83"]
[WhiteFideId "180173"]
[BlackFideId "4113632"]
[WhiteTitle "IM"]
[BlackTitle "GM"]
[WhiteElo "2728"]
[BlackElo "2569"]
[WhiteTeam "ARG"]
[BlackTeam "RUS"]
[WhiteClock "0:01:26"]
[BlackClock "0:02:34"]
[Variant "Standard"]

1. d4 {[%clk 0:03:00]}  d5 {[%clk 0:02:59]} 2. c4 {[%clk 0:03:01]}  c6 {[%clk 0:02:58]} 3. Nc3 {[%clk 0:03:01]}  Nf6 {[%clk 0:02:59]} 4. Nf3 {[%clk 0:03:01]}  e6 {[%clk 0:02:59]} 5. Bg5 {[%clk 0:03:01]}  dxc4 {[%clk 0:02:59]} 6. e4 {[%clk 0:03:01]}  b5 {[%clk 0:02:59]} 7. e5 {[%clk 0:03:01]}  h6 {[%clk 0:03:00]} 8. Bh4 {[%clk 0:03:01]}  g5 {[%clk 0:03:00]} 9. Nxg5 {[%clk 0:03:02]}  hxg5 {[%clk 0:03:01]} 10. Bxg5 {[%clk 0:03:03]}  Nbd7 {[%clk 0:03:01]} 11. exf6 {[%clk 0:03:03]}  Bb7 {[%clk 0:03:00]} 12. g3 {[%clk 0:03:02]}  c5 {[%clk 0:03:00]} 13. d5 {[%clk 0:03:01]}  Qb6 {[%clk 0:03:01]} 14. Bg2 {[%clk 0:03:01]}  O-O-O {[%clk 0:03:01]} 15. O-O {[%clk 0:03:02]}  b4 {[%clk 0:03:01]} 16. Na4 {[%clk 0:03:02]}  Qb5 {[%clk 0:03:01]} 17. b3 {[%clk 0:02:33]}  c3 {[%clk 0:02:47]} 18. dxe6 {[%clk 0:02:20]}  Bxg2 {[%clk 0:02:45]} 19. Kxg2 {[%clk 0:02:17]}  Qc6+ {[%clk 0:02:44]} 20. Qf3 {[%clk 0:02:01]}  Rxh2+ {[%clk 0:02:42]} 21. Kxh2 {[%clk 0:01:59]}  Qxf3 {[%clk 0:02:43]} 22. exd7+ {[%clk 0:01:59]}  Rxd7 {[%clk 0:02:42]} 23. Rfe1 {[%clk 0:01:59]}  Bd6 {[%clk 0:02:37]} 24. Be3 {[%clk 0:01:26]}  Rd8 {[%clk 0:02:34]} 0-1

[Event "April 9 Early 2024"]
[Site "Chess.com"]
[Date "2024.04.09"]
[Round "6"]
[White "Papasimakopoulos, Alexandros"]
[Black "Ahmad, Khagan"]
[Result "1-0"]
[Board "88"]
[WhiteFideId "4244125"]
[BlackFideId "13431552"]
[WhiteTitle "FM"]
[BlackTitle "FM"]
[WhiteElo "2717"]
[BlackElo "2562"]
[WhiteTeam "GRE"]
[BlackTeam "AZE"]
[WhiteClock "0:01:30"]
[BlackClock "0:00:00"]
[Variant "Standard"]

1. d4 {[%clk 0:03:00]}  Nf6 {[%clk 0:02:33]} 2. c4 {[%clk 0:02:59]}  e6 {[%clk 0:02:31]} 3. Nc3 {[%clk 0:02:59]}  Bb4 {[%clk 0:02:30]} 4. Qc2 {[%clk 0:02:59]}  d5 {[%clk 0:02:27]} 5. cxd5 {[%clk 0:02:58]}  exd5 {[%clk 0:02:26]} 6. Bg5 {[%clk 0:02:57]}  O-O {[%clk 0:02:25]} 7. e3 {[%clk 0:02:57]}  h6 {[%clk 0:02:25]} 8. Bh4 {[%clk 0:02:57]}  c6 {[%clk 0:02:12]} 9. Bd3 {[%clk 0:02:57]}  Re8 {[%clk 0:02:03]} 10. Nf3 {[%clk 0:02:56]}  Nbd7 {[%clk 0:01:59]} 11. a3 {[%clk 0:02:54]}  Be7 {[%clk 0:01:58]} 12. b4 {[%clk 0:02:53]}  Ne4 {[%clk 0:01:58]} 13. Bxe7 {[%clk 0:02:53]}  Qxe7 {[%clk 0:01:58]} 14. Bxe4 {[%clk 0:02:51]}  dxe4 {[%clk 0:01:59]} 15. Nd2 {[%clk 0:02:52]}  Nf6 {[%clk 0:01:57]} 16. O-O {[%clk 0:02:52]}  Bf5 {[%clk 0:01:54]} 17. Nc4 {[%clk 0:02:52]}  h5 {[%clk 0:01:45]} 18. Ne5 {[%clk 0:02:43]}  h4 {[%clk 0:01:45]} 19. h3 {[%clk 0:02:43]}  Qe6 {[%clk 0:01:44]} 20. Qa2 {[%clk 0:02:41]}  Nd5 {[%clk 0:01:41]} 21. Nxd5 {[%clk 0:02:41]}  cxd5 {[%clk 0:01:40]} 22. Qe2 {[%clk 0:02:38]}  f6 {[%clk 0:01:23]} 23. Ng4 {[%clk 0:02:38]}  Rac8 {[%clk 0:01:22]} 24. Rac1 {[%clk 0:02:36]}  Rxc1 {[%clk 0:01:21]} 25. Rxc1 {[%clk 0:02:35]}  Rc8 {[%clk 0:01:22]} 26. Rc5 {[%clk 0:02:31]}  b6 {[%clk 0:01:19]} 27. Rc2 {[%clk 0:02:31]}  Kf7 {[%clk 0:01:00]} 28. Nh2 {[%clk 0:02:29]}  Rxc2 {[%clk 0:00:54]} 29. Qxc2 {[%clk 0:02:29]}  Qc8 {[%clk 0:00:55]} 30. Qxc8 {[%clk 0:02:27]}  Bxc8 {[%clk 0:00:56]} 31. Nf1 {[%clk 0:02:20]}  Ke7 {[%clk 0:00:55]} 32. Nd2 {[%clk 0:02:20]}  Kd6 {[%clk 0:00:49]} 33. Nb1 {[%clk 0:02:20]}  g5 {[%clk 0:00:38]} 34. Nc3 {[%clk 0:02:19]}  Bd7 {[%clk 0:00:38]} 35. Kf1 {[%clk 0:02:19]}  g4 {[%clk 0:00:36]} 36. hxg4 {[%clk 0:02:19]}  Bxg4 {[%clk 0:00:32]} 37. Kg1 {[%clk 0:02:19]}  Bd7 {[%clk 0:00:28]} 38. Kh2 {[%clk 0:02:16]}  a6 {[%clk 0:00:27]} 39. Ne2 {[%clk 0:02:07]}  Bb5 {[%clk 0:00:09]} 40. Nc3 {[%clk 0:02:05]}  Bd7 {[%clk 0:00:09]} 41. f3 {[%clk 0:01:57]}  exf3 {[%clk 0:00:06]} 42. gxf3 {[%clk 0:01:58]}  f5 {[%clk 0:00:06]} 43. Kg2 {[%clk 0:01:58]}  Be6 {[%clk 0:00:05]} 44. f4 {[%clk 0:01:56]}  Ke7 {[%clk 0:00:05]} 45. Kh3 {[%clk 0:01:56]}  Kf6 {[%clk 0:00:05]} 46. Kxh4 {[%clk 0:01:57]}  Kg6 {[%clk 0:00:06]} 47. Na4 {[%clk 0:01:56]}  b5 {[%clk 0:00:05]} 48. Nc5 {[%clk 0:01:56]}  Bc8 {[%clk 0:00:06]} 49. Nd3 {[%clk 0:01:55]}  Kh6 {[%clk 0:00:05]} 50. Ne5 {[%clk 0:01:55]}  Be6 {[%clk 0:00:05]} 51. Nd3 {[%clk 0:01:48]}  Kg6 {[%clk 0:00:05]} 52. Nc1 {[%clk 0:01:48]}  Kh6 {[%clk 0:00:04]} 53. Ne2 {[%clk 0:01:48]}  Kg6 {[%clk 0:00:05]} 54. Nc3 {[%clk 0:01:49]}  Kh6 {[%clk 0:00:04]} 55. a4 {[%clk 0:01:49]}  bxa4 {[%clk 0:00:03]} 56. Nxa4 {[%clk 0:01:50]}  Bc8 {[%clk 0:00:02]} 57. Nb6 {[%clk 0:01:50]}  Be6 {[%clk 0:00:02]} 58. Na8 {[%clk 0:01:49]}  Bc8 {[%clk 0:00:02]} 59. Nc7 {[%clk 0:01:49]}  Bb7 {[%clk 0:00:03]} 60. Ne6 {[%clk 0:01:46]}  Kg6 {[%clk 0:00:03]} 61. Nf8+ {[%clk 0:01:40]}  Kh6 {[%clk 0:00:03]} 62. Nd7 {[%clk 0:01:41]}  Kg6 {[%clk 0:00:02]} 63. Kg3 {[%clk 0:01:36]}  Bc8 {[%clk 0:00:01]} 64. Ne5+ {[%clk 0:01:35]}  Kh5 {[%clk 0:00:01]} 65. Nc6 {[%clk 0:01:30]}  Kg6 {[%clk 0:00:00]} 66. Ne7+ {[%clk 0:01:30]} 1-0

[Event "April 9 Early 2024"]
[Site "Chess.com"]
[Date "2024.04.09"]
[Round "6"]
[White "Ozer, Omer Faruk"]
[Black "Herman, Matthew"]
[Result "1-0"]
[Board "91"]
[WhiteFideId "6354564"]
[BlackFideId "2028964"]
[WhiteTitle "IM"]
[BlackTitle "IM"]
[WhiteElo "2713"]
[BlackElo "2559"]
[WhiteTeam "TUR"]
[BlackTeam "USA"]
[WhiteClock "0:01:06"]
[BlackClock "0:00:00"]
[Variant "Standard"]

1. e4 {[%clk 0:03:00]}  e5 {[%clk 0:02:59]} 2. Nf3 {[%clk 0:03:00]}  Nc6 {[%clk 0:03:00]} 3. Bc4 {[%clk 0:03:00]}  Nf6 {[%clk 0:03:00]} 4. d3 {[%clk 0:03:00]}  Be7 {[%clk 0:03:00]} 5. Nc3 {[%clk 0:02:59]}  O-O {[%clk 0:03:00]} 6. a4 {[%clk 0:03:00]}  a5 {[%clk 0:02:59]} 7. O-O {[%clk 0:02:59]}  d6 {[%clk 0:02:59]} 8. h3 {[%clk 0:02:59]}  Be6 {[%clk 0:02:59]} 9. Re1 {[%clk 0:02:58]}  Bxc4 {[%clk 0:02:52]} 10. dxc4 {[%clk 0:02:58]}  Nb4 {[%clk 0:02:51]} 11. b3 {[%clk 0:02:46]}  c6 {[%clk 0:02:40]} 12. Ba3 {[%clk 0:02:45]}  Na6 {[%clk 0:02:20]} 13. Qd3 {[%clk 0:02:40]}  Qc7 {[%clk 0:02:09]} 14. Rad1 {[%clk 0:02:39]}  Rad8 {[%clk 0:02:08]} 15. Qe3 {[%clk 0:02:25]}  Nh5 {[%clk 0:01:59]} 16. g3 {[%clk 0:02:15]}  Rd7 {[%clk 0:01:05]} 17. Kg2 {[%clk 0:01:59]}  f5 {[%clk 0:00:34]} 18. exf5 {[%clk 0:01:57]}  Rxf5 {[%clk 0:00:35]} 19. Nd2 {[%clk 0:01:55]}  Bg5 {[%clk 0:00:20]} 20. Qd3 {[%clk 0:01:53]}  g6 {[%clk 0:00:06]} 21. Nde4 {[%clk 0:01:51]}  Nb4 {[%clk 0:00:03]} 22. Qe2 {[%clk 0:01:47]}  Be7 {[%clk 0:00:02]} 23. Rd2 {[%clk 0:01:33]}  Bf8 {[%clk 0:00:02]} 24. Red1 {[%clk 0:01:33]}  Rdf7 {[%clk 0:00:02]} 25. Qe3 {[%clk 0:01:20]}  Qc8 {[%clk 0:00:02]} 26. Bxb4 {[%clk 0:01:13]}  axb4 {[%clk 0:00:02]} 27. Ne2 {[%clk 0:01:14]}  Rf3 {[%clk 0:00:03]} 28. Qg5 {[%clk 0:01:10]}  R7f5 {[%clk 0:00:02]} 29. Qg4 {[%clk 0:01:08]}  Ng7 {[%clk 0:00:02]} 30. Ng1 {[%clk 0:01:05]}  h5 {[%clk 0:00:00]} 31. Qxg6 {[%clk 0:01:06]} 1-0